00000000nam 2200000zi 4500
0019.945417
003CaOODSP
00520250509081924
006m     o  d f      
007cr mn|||||||||
008241121t20242024oncdab  ob   f000 0 fre d
020 |a9780660746104
040 |aCaOODSP|bfre|erda|cCaOODSP
043 |an-cn---
0861 |aM184-14/2024F-PDF
1102 |aCommission géologique du Canada.|eauteur, |eorganisme de publication.
24510|aCommission géologique du Canada : |brapport sur les faits saillants 2018-2023.
264 1|a[Ottawa] : |bRessources naturelles Canada = Natural Resources Canada, |c[2024]
264 4|c©2024
300 |a1 ressource en ligne (ii, 62 pages) : |bcartes, graphiques, illustrations.
336 |atexte|btxt|2rdacontent/fre
337 |ainformatique|bc|2rdamedia/fre
338 |aressource en ligne|bcr|2rdacarrier/fre
4901 |aRessources naturelles Canada, produit d'information générale ; |v158f
500 |aPublié aussi en anglais sous le titre : Geological Survey of Canada: highlight report 2018-2023.
504 |aComprend des références bibliographiques.
61026|aCommission géologique du Canada|xÉvaluation.
650 6|aSciences de la terre|xRecherche|zCanada.
7101 |aCanada. |bRessources naturelles Canada, |eorganisme de publication.
77508|tGeological Survey of Canada : |w(CaOODSP)9.945415
7760#|tCommission géologique du Canada : |w(CaOODSP)9.945418
830#0|aProduit d'information générale (Canada. Ressources naturelles Canada)|v158f.|w(CaOODSP)9.822756
85640|qPDF|s22.00 Mo|uhttps://publications.gc.ca/collections/collection_2025/rncan-nrcan/M184-14-2024-fra.pdf
8564 |qHTML|sS.O.|uhttps://doi.org/10.4095/psu92y014m